Statistics for WW2: The African Campaign

Click here to take the quiz!

General Stats

  • This quiz has been taken 85 times
  • The average score is 8 of 15

Answer Stats

StatementAnswer% Correct
This nation was on defense, when Italy declared war on it in 1935Ethiopia
92%
Field Marshal of the Germany army in AfricaErwin Rommel
89%
The Italian army invaded the west part of this Middle eastern nationEgypt
73%
Field marshal of the United KingomBernard Montgomery
69%
Australian troops protected this city, during the Seige of ____Tobruk
67%
The second battle of this area. A decisive victory for the allies. Fought by an Egyptian RailwayBattle of El Alamein
66%
The German corps name, that assisted the Italian army in Africa Afrika korps
59%
Italy had two colonies before the war. Italian Somaliland, and ____Libya
59%
The United States tried to land in north West Africa. But this facist puppet state denied themVichy France
56%
This Lieutenant General, from the United States Army, was commanding troops in The African Campaign George Patton
50%
South Africa and England, liberated this African Island, originally owned by the Vichy governmentMadagascar
44%
This huge British victory, crushed the Italian fleet. the ____ RaidTaranto
22%
This Italian Field Marshal, was considered one of the best Italian Generals in the entire war. He was involved in the battle of El GuettarGiovanni Messe
17%
The kingdom of Italy had this kind of armyRoyal
2%
This middle eastern army, under England, was established in Cairo. They participated El AlameinMiddle East Command
0%

Score Distribution

Percentile by Number Answered

Percent of People with Each Score

Your Score History

You have not taken this quiz